000
00300nam a2200121Ia 4500
008
220204s9999 xx 000 0 und d
082
_a
804
_b
ASC
100
_a
Ascher, J
245
0
_a
Cours moderne. Part I . Junior course
260
_a
Bombay
_b
Allied
_c
1974
700
_a
Hatfield, H A
942
_c
BK
999
_c
29400
_d
29400